[Event "SEMI French MacCutcheon (B) email"]
[Site "SEMI email"]
[Date "2003.03.24"]
[Round "?"]
[White "Gigante, Gianni"]
[Black "Elburg, John"]
[Result "0-1"]
[WhiteElo "1000"]
[BlackElo "2330"]
[PlyCount "74"]
[EventDate "2003.03.24"]
[EventType "tourn (corr)"]
[EventRounds "10"]
[EventCountry "ITA"]
[SourceTitle "Corr 2008"]
[Source "ChessBase"]
[SourceDate "2008.06.24"]
[SourceVersion "1"]
[SourceVersionDate "2008.06.24"]
[SourceQuality "1"]

1. e4 e6 2. d4 d5 3. Nc3 Nf6 4. Bg5 Bb4 5. e5 h6 6. Bd2 Bxc3 7. bxc3 Ne4 8. Qg4 g6 9. Bd3 Nxd2 10. Kxd2 c5 11. Nf3 Bd7 12. h4 Qe7 13. Rhb1 c4 14. Bf1 Bc6 15. g3 Nd7 16. Bg2 Nb6 17. a3 0-0 18. Nh2 Kh7 19. Qf4 f5 20. Nf1 Rf7 21. Ne3 Na4 22. Nd1 g5 23. hxg5 hxg5 24. Qf3 Rh8 25. Qe2 Kg8 26. Ne3 Rfh7 27. Rh1 Rxh1 28. Bxh1 Kf7 29. Qd1 Qd8 30. Qb1 b5 31. Bg2 Ke8 32. Qb4 a5 33. Qb1 g4 34. Qe1 Qg5 35. Rb1 f4 36. gxf4 Qxf4 37. Qe2 Kd7 0-1

[Event "SEMI French MacCutcheon (B) email"]
[Site "SEMI email"]
[Date "2003.03.24"]
[Round "?"]
[White "Gigante, Gianni"]
[Black "Sabbatini, Giuseppe"]
[Result "1/2-1/2"]
[WhiteElo "1000"]
[BlackElo "2097"]
[PlyCount "77"]
[EventDate "2003.03.24"]
[EventType "tourn (corr)"]
[EventRounds "10"]
[EventCountry "ITA"]
[SourceTitle "Corr 2008"]
[Source "ChessBase"]
[SourceDate "2008.06.24"]
[SourceVersion "1"]
[SourceVersionDate "2008.06.24"]
[SourceQuality "1"]

1. e4 e6 2. d4 d5 3. Nc3 Nf6 4. Bg5 Bb4 5. e5 h6 6. Bd2 Bxc3 7. bxc3 Ne4 8. Qg4 g6 9. Bd3 Nxd2 10. Kxd2 c5 11. Nf3 Qa5 12. h4 Nc6 13. Qf4 Bd7 14. Rhb1 cxd4 15. Nxd4 Nxd4 16. Qxd4 Bc6 17. g3 Rg8 18. Rb2 Qd8 19. Rg1 g5 20. f3 b6 21. Rbb1 Qe7 22. hxg5 hxg5 23. Rh1 0-0-0 24. Rh7 Rh8 25. Rbh1 Rxh7 26. Rxh7 Kb7 27. Rg7 Rd7 28. Kc1 Rc7 29. Qb4 Qd8 30. Kb2 a6 31. Qg4 Qd7 32. Rxg5 Bb5 33. Qd4 Bc4 34. Rg7 Qb5+ 35. Kc1 Qe8 36. Kb2 Bxd3 37. Qxd3 Qh8 38. Qh7 Qf8 39. f4 1/2-1/2

[Event "SEMI French MacCutcheon (B) email"]
[Site "SEMI email"]
[Date "2003.03.24"]
[Round "?"]
[White "Perez, Giorgio"]
[Black "Gigante, Gianni"]
[Result "0-1"]
[WhiteElo "2000"]
[BlackElo "1000"]
[PlyCount "62"]
[EventDate "2003.03.24"]
[EventType "tourn (corr)"]
[EventRounds "10"]
[EventCountry "ITA"]
[SourceTitle "Corr 2008"]
[Source "ChessBase"]
[SourceDate "2008.06.24"]
[SourceVersion "1"]
[SourceVersionDate "2008.06.24"]
[SourceQuality "1"]

1. e4 e6 2. d4 d5 3. Nc3 Nf6 4. Bg5 Bb4 5. e5 h6 6. Bd2 Bxc3 7. bxc3 Ne4 8. Qg4 g6 9. Bd3 Nxd2 10. Kxd2 c5 11. Nf3 Qc7 12. Qh4 Nd7 13. Rhb1 b6 14. Rb2 Bb7 15. Rab1 Rc8 16. Bb5 c4 17. Kc1 Bc6 18. Ba6 Bb7 19. Bxb7 Qxb7 20. Ng1 Qa6 21. Ne2 Qa3 22. f4 b5 23. g4 Nb6 24. Qf6 0-0 25. f5 b4 26. fxe6 bxc3 27. exf7+ Rxf7 28. Qxg6+ Rg7 29. Qe6+ Kh7 30. Nxc3 Rf8 31. Kd2 Rf2+ 0-1

[Event "SEMI B034 email"]
[Site "SEMI email"]
[Date "2003.02.12"]
[Round "?"]
[White "Gigante, Gianni"]
[Black "Jordaan, Wayne"]
[Result "1-0"]
[WhiteElo "1000"]
[BlackElo "1288"]
[PlyCount "157"]
[EventDate "2003.02.12"]
[EventType "tourn (corr)"]
[EventRounds "6"]
[EventCountry "ITA"]
[SourceTitle "Corr 2008"]
[Source "ChessBase"]
[SourceDate "2008.06.24"]
[SourceVersion "1"]
[SourceVersionDate "2008.06.24"]
[SourceQuality "1"]

1. e4 c5 2. f4 Nc6 3. Nf3 d5 4. exd5 Qxd5 5. Nc3 Qf5 6. d4 Bd7 7. Bd3 Qg4 8. d5 Nb4 9. 0-0 Nxd3 10. Qxd3 Qf5 11. Qxf5 Bxf5 12. Nb5 0-0-0 13. Nxa7+ Kb8 14. Ne5 Nh6 15. Nac6+ bxc6 16. Nxc6+ Kc7 17. Nxd8 Kxd8 18. a4 Bxc2 19. a5 Kc8 20. a6 Kb8 21. Be3 e6 22. dxe6 Nf5 23. Bf2 fxe6 24. Rfc1 Be4 25. b4 Bd6 26. Bxc5 Bxf4 27. Rf1 Bg5 28. g4 Nh4 29. Rf7 Nf3+ 30. Kf2 Bf6 31. Ra5 Ng5 32. Rd7 Kc8 33. Rd1 Bc6 34. Ke3 Ne4 35. Bd4 e5 36. Bxe5 Re8 37. Bxf6 Nxf6+ 38. Kf2 Kc7 39. Rd4 Kb6 40. g5 Ne4+ 41. Kg1 Nc3 42. Rc4 Nd5 43. a7 Ra8 44. Ra3 Ne7 45. Rh4 Rxa7 46. Rxa7 Kxa7 47. Rxh7 Nf5 48. h4 Kb6 49. h5 Be4 50. Rh8 Nd6 51. Kf2 Kb5 52. Ke3 Bc2 53. Rd8 Kc6 54. h6 gxh6 55. gxh6 Bb1 56. Kf4 Bh7 57. Ra8 Kb6 58. Rh8 Bc2 59. Rf8 Kc6 60. Ke5 Nc4+ 61. Kd4 Nd6 62. Rf6 Kd7 63. Ke5 Nb7 64. Rf7+ Kc6 65. h7 Bxh7 66. Rxh7 Nd8 67. Rh6+ Kb5 68. Kd5 Nf7 69. Rh5 Kxb4 70. Rh7 Ng5 71. Rb7+ Ka5 72. Rb3 Nh7 73. Kc5 Ka4 74. Kc4 Ng5 75. Rg3 Nf7 76. Kd5 Kb4 77. Rg7 Nh6 78. Ke5 Kc4 79. Kf6 1-0